01465nam a2200313 i 4500001001000000003000900010005001700019007000300036008004100039040003000080041000800110082002500118100003900143245011500182264004400297300005500341336002700396337003300423338002800456590002600484651005600510651007200566651007400638910003700712942001400749952011900763952025200882999001701134000026940DO-SdBNP20241129130404.0ta110328s1966 xxu 000 0 spa d aDO-SdBNPbspacBNPHUerda hspa a972.93054bB291o2221 aBartlow Martin, Johneautor95403810aOvertaken by events :bthe dominican crisis from the fall of Trujillo to the civil war /cJohn Bartlow Martin. aNew York :bDoubleday & Company,c1966. a821 páginas :bilustraciones retratos. ;c26 cm. ardacontentbtexto2txt ardamediabsin mediación2n ardacarrierbvolumen2nc aInventariado, 2024/DG 0aRepública Dominicana --xHistoria --y1961-96572 4aEstados UnidosxRelaciones ExterioreszRepública Dominicana96309 4aRepública DominicanaxRelaciobnes ExterioreszEstados Unidos954039 aValidado. Control de calidad MFF 2ddccLBS1 001050718MOaPDbPDcHDd2011-03-28iLF1l0o972.93054 B291op26940-10r2020-06-25w2020-06-25y1ZNo se presta 00102ddc51708PDaBNPHUbBNPHUcCTd2024-11-29eDonado por la Presidencia de la República Dominicana 2023l0oBNPHU PD 972.93054 B291op2024-6829r2024-11-29te.2w2024-11-29yLBS1zPertenecio a la biblioteca personal de Emilio Cordero Michel c26432d26432